Statistics for French cities ๐Ÿ‡ซ๐Ÿ‡ท Word Search ๐Ÿ”

Click here to take the quiz!

General Stats

  • This quiz has been taken 251 times
  • The average score is 13 of 21

Answers on the Map

Answers color-coded by a green-red scale on the quiz's map according to % correct below.
 

Answer Stats

Answer% Correct
Beauvais
92%
Nantes
85%
Besancon
84%
Marseille
80%
Antibes
79%
Lille
79%
Meaux
79%
Rennes
72%
Cergy
71%
Reims
67%
Fort-de-France
62%
Avignon
61%
Nimes
58%
Lorient
52%
Brest
40%
Grenoble
40%
Metz
38%
Dole
37%
Noumรฉa
33%
Pau
30%
Niort
24%

Score Distribution

Percentile by Number Answered

Percent of People with Each Score

Your Score History

You have not taken this quiz